000 00712nam a2200205Ia 4500
005 20260121110107.0
008 008 260114s9999 xx 000 0 hin d
020 _a9788132357858
037 _aEBOOK
040 _aCRL
_bhin
_cCRL
041 _ahin
_2hin
084 _qCRL
100 _aसंदीप कोहली / Sandeep Kohli
_9941957
245 0 _aकार्यालय प्रबंधन एवं कर्मचारी बीमा / Karyalaya Prabandhan Aur Karmchari Beema
260 _bभाषा प्रकाशन / Bhasha Prakashan
_c2021
856 _uhttps://bhashaprakashan.com/product-details/378926
942 _cEBOOK
999 _c1533622
_d1533622